| 000 | 00852 a2200145 4500 | ||
|---|---|---|---|
| 003 | Nust | ||
| 005 | 20230620095643.0 | ||
| 040 | _cNust | ||
| 082 | _a006.68,COM | ||
| 245 | _aGinograf User Manual (Issu 1) / | ||
| 260 |
_aCambridge _bCAD Center _c1976 |
||
| 505 | _aIntroduction (Page 1-1), Basic Drawings (Page 2-1), Characters, Symbols and Dots (Page 3-1), Device Control and Qualification (Page 4-1), Line Types (Page 5-1), Multiple Drawing (Page 6-1), Windowing (Page 7-1), Transformations (Page 8-1), Transformation Control (Page 9-1), Viewing (Page 10-1), The Pseudo and Debug Code Generations (Page 11-1), Picture Segments (Page 12-1), Graphical Input (Page 13-1), Interaction on the Tektronix Storage tube (Page 14-1),Specifications of User Callable Routings (Page 15-1). | ||
| 650 |
_aUser Manual , Graphics _9113152 |
||
| 942 |
_2ddc _cBKB |
||
| 999 |
_c180074 _d180074 |
||